On This Day: September 24th Quiz Stats

 Plays Quiz Updated Sep 24, 2017

Challenge
Share
Tweet
Embed
Score 0/7 Timer 03:00
0 Plays Today
Question Answer Wrong Answers
This American newsmagazine TV program, known for its unique style of reporter-centered investigation, debuts on CBS.
1968
60 Minutes
85.4%
20/20
6%
Today
4.1%
Face the Nation
2.6%
The USS Enterprise, the world’s first ______ powered aircraft carrier, is launched.
1960
Nuclear
84.7%
Steam
4%
Coal
1.8%
Solar
7.9%
President Dwight D. Eisenhower sends 101st Airborne Division troops to ______, Arkansas, to enforce desegregation.
1957
Little Rock
83.6%
Fayetteville
7.3%
Fort Smith
5.2%
Bentonville
2.5%
US President Theodore Roosevelt proclaims Devils Tower in this state as the nation's first National Monument.
1906
Wyoming
81.2%
Illinois
4.8%
Ohio
4.4%
California
9%
This American novelist and short story writer, considered a member of the ‘Lost Generation’ and whose works illustrate the Jazz Age, is born.
1896
F. Scott Fitzgerald
81.1%
John Steinbeck
6.7%
J. D. Salinger
8.8%
Mark Twain
3.3%
This Japanese corporation, the world's largest manufacturer of internal combustion engines by volume, is founded.
1948
Honda
71.7%
Nissan
18.2%
Mazda
4.9%
Subaru
4.3%
This second studio album by the band Nirvana, which featured songs like ‘Smells Like Teen Spirit’ and ‘Come as You Are’, is released by DGC Records.
1991
Nevermind
66.5%
In Utero
24.4%
Bleach
3.9%
Live at Reading
3.2%

You're not logged in!

Compare scores with friends on all Sporcle quizzes.
OR
Log In

You Might Also Like...

Show Comments

Extras

Top Quizzes Today


Score Distribution

Your Account Isn't Verified!

In order to create a playlist on Sporcle, you need to verify the email address you used during registration. Go to your Sporcle Settings to finish the process.

Report this User

Report this user for behavior that violates our Community Guidelines.

Details: